000 00447nam a2200205Ia 4500
008 210210b1937 xxu||||| |||| 00| 0 eng d
041 _aeng
082 _a336/60
100 _aCOLE
245 _aWhat is ahead of us?
260 _aCalcutta
_bGeorge Allen & Unwin Ltd
_c1937
650 _aWhat
650 _aus?
650 _aof
650 _ais
650 _aahead
690 _aEconomic History
700 _aOthers
906 _a004797
999 _c128322
_d128322